| 000 | 00416nam a22001697a 4500 | ||
|---|---|---|---|
| 003 | MPLRDC | ||
| 005 | 20220104165335.0 | ||
| 008 | 210129b ||||| |||| 00| 0 eng d | ||
| 020 | _a1-870451-10-4 | ||
| 082 | _a870.57 HUB v.4 | ||
| 100 | _aL. RON HUBBARD | ||
| 245 |
_aAN ALIEN AFFAIR. VOL 4 _c |
||
| 260 |
_a _bNEW ERA PUBLICATIONS UK LTD _c |
||
| 300 | _b平 | ||
| 650 | _aFICTION | ||
| 942 |
_cBK _o870.57 HUB v.4 |
||
| 999 |
_c57408 _d57398 |
||